Papa's Christmas gift : around the world on the night before Christmas /

Depicts happenings in countries around the world on Christmas Eve, 1822, while Clement Clarke Moore gives to his family the first reading ever of his poem "A Visit from Saint Nicholas."

Bibliographic Details
Corporate Author: Harness, Cheryl
Format: Book
Language:English
Published: New York, N.Y. : Simon & Schuster Books for Young Readers, [1995]
Edition:1st ed.
Subjects:

MARC

Tag First Indicator Second Indicator Subfields
LEADER 00000pam a2200000 a 4500
001 in00001409921
005 20151020070419.0
008 950110s1995 nyua j 000 0 eng
010 |a  95002579  
020 |a 0689803443 
035 |a (OCoLC)32014883 
035 |9 AHP8858AM 
040 |a DLC  |c DLC  |d UtOrBLW 
049 |a TXAG 
050 0 0 |a PS3558.A624762  |b P37 1995 
082 0 0 |a 811/.54  |2 20 
110 1 |a Harness, Cheryl. 
245 1 0 |a Papa's Christmas gift :  |b around the world on the night before Christmas /  |c written and illustrated by Cheryl Harness. 
250 |a 1st ed. 
264 1 |a New York, N.Y. :  |b Simon & Schuster Books for Young Readers,  |c [1995] 
264 4 |c ©1995 
300 |a 1 volume (unpaged) :  |b illustrations (some color) ;  |c 29 cm. 
336 |a text  |b txt  |2 rdacontent 
337 |a unmediated  |b n  |2 rdamedia 
338 |a volume  |b nc  |2 rdacarrier 
520 |a Depicts happenings in countries around the world on Christmas Eve, 1822, while Clement Clarke Moore gives to his family the first reading ever of his poem "A Visit from Saint Nicholas." 
650 0 |a Christmas poetry. 
650 0 |a Children's poetry, American. 
650 1 |a Christmas  |y 19th century  |x Poetry. 
600 1 1 |a Moore, Clement Clarke,  |d 1779-1863  |x Poetry. 
650 1 |a American poetry. 
948 |a c:en 
999 |a MARS 
999 f f |s 5972ab3c-6e64-30fa-ac0e-e31d2d0a5cc8  |i a0a217b8-c53c-31d2-b471-577899af37dc  |t 0 
952 f f |p ric  |a Texas A&M University  |b Rellis Campus  |c Joint Library Facility  |d Remote Storage  |t 0  |e PS3558.A624762 P37 1995  |h Library of Congress classification  |i unmediated -- volume  |m A14822370216 
998 f f |a PS3558.A624762 P37 1995  |t 0  |l Remote Storage